000 00322nam a2200133Ia 4500
008 240624s9999 xx 000 0 und d
041 _aeng
082 _a828 SIN
100 _aSINGH BAKHSHISH
245 _aBABA PHAREED
260 _c2011
_aNew Delhi
_bSasta Sahitya Mandal
300 _a130 p.; 21 cm.
365 _cRS
_b25
999 _c29464
_d29464